International politics : (Record no. 52151)

MARC details
000 -LEADER
fixed length control field 00927nam a22002417a 4500
005 - DATE AND TIME OF LATEST TRANSACTION
control field 20110506121539.0
008 - FIXED-LENGTH DATA ELEMENTS--GENERAL INFORMATION
fixed length control field 110506t xxu||||| |||| 00| 0 eng d
010 ## - LCCN (DPL NO)
LC control number ENG-102386
020 ## - INTERNATIONAL STANDARD BOOK NUMBER
International Standard Book Number 9788178312422
Terms of availability 1000.00
035 ## - SYSTEM CONTROL NUMBER
System control number EN-85919
037 ## - SOURCE OF ACQUISITION
Source of stock number/acquisition DBAD/PUB
040 ## - CATALOGING SOURCE
Original cataloging agency dpl
Language of cataloging Eng
082 ## - DEWEY DECIMAL CLASSIFICATION NUMBER
Classification number 327
245 ## - TITLE STATEMENT
Title International politics :
Remainder of title areas of conflict and confrontation /
Statement of responsibility, etc edited by Taufiq A. Nizami
260 ## - PUBLICATION, DISTRIBUTION, ETC. (IMPRINT)
Place of publication, distribution, etc New Delhi
Name of publisher, distributor, etc Manak Publications
Date of publication, distribution, etc 2011
270 ## - ADDRESS
Address B-7, Saraswati Complex, Subhash Chowk, Laxmi Nagar
City New Delhi
Postal code 110092
Telephone number 22453894,22042529
Electronic mail address manak_publications@hotmail.com
300 ## - PHYSICAL DESCRIPTION
Extent xii,300p.
Dimensions 23cm (Hb)
500 ## - GENERAL NOTE
General note Includes indexes
650 ## - SUBJECT ADDED ENTRY--TOPICAL TERM
Topical term or geographic name as entry element International relations
9 (RLIN) 27775
700 ## - ADDED ENTRY--PERSONAL NAME
Personal name Nizami, Taufiq A.
9 (RLIN) 27776
942 ## - ADDED ENTRY ELEMENTS (KOHA)
Source of classification or shelving scheme Dewey Decimal Classification
Item type English Books
Classification part 327
Call number suffix INT
Holdings
Withdrawn status Lost status Source of classification or shelving scheme Damaged status Not for loan Collection code Home library Current library Date acquired Source of acquisition Cost, normal purchase price Total Checkouts Full call number Barcode Date last seen Copy number Cost, replacement price Koha item type
    Dewey Decimal Classification   Not For Loan Non-fiction D.B.Act.Division D.B.Act.Division 06/05/2011 DBAD / PUB 1000.00   327 INT EN-85919 06/05/2011 1 1000.00 English Books

© Delhi Public Library
Hit Counter
free hit counter